| 000 | 00930nam a2200265Ia 4500 | ||
|---|---|---|---|
| 003 | OSt | ||
| 005 | 20220923210950.0 | ||
| 006 | a|||||r|||| 00| 0 | ||
| 007 | ta | ||
| 008 | RAJ | ||
| 020 |
_a8126014105 _c60 |
||
| 024 | _a260,567 | ||
| 037 |
_b556, 14/12/2011, H.K. Prakashan _cTextual |
||
| 040 |
_aARTS _cARTS _bRAJ |
||
| 041 |
_2RAJ _aRAJ |
||
| 082 | _aO1528,1x, P3 | ||
| 100 |
_aਸੁਤਿੰਦਰ ਸਿੰਘ, ਨੂਰ, ਥਦ. _9156625 |
||
| 245 | 0 | _aਸਮਕਾਲੀ ਰਾਜਸਾਥਾਨੀ ਕਵਿਤਾ | |
| 260 |
_aਦਿੱਲੀ _b ਸਾਹਿਤ ਅਕਾਦਮੀ _c2003 |
||
| 300 |
_a106gz _ccm. |
||
| 650 |
_a ਰਾਜਸਾਥਾਨੀ ਕਾਵਿ _9156626 |
||
| 650 |
_aਰਾਜਸਥਾਨੀ ਸਾਹਿਤ _9156627 |
||
| 942 |
_hO1528,1x, P3 _cTEXL _2CC |
||
| 999 |
_c293252 _d293252 |
||